| 000 | 01324nam a2200337 i 4500 | ||
|---|---|---|---|
| 001 | 115033 | ||
| 003 | ES-MaACL | ||
| 005 | 20240418143802.0 | ||
| 007 | t| | ||
| 008 | 070219s1958 sp ||||1| spa d | ||
| 080 | _a821.111(73)-3"19"(082.2) | ||
| 245 | 0 | 0 |
_aBiblioteca de Selecciones. _n4. |
| 260 |
_aMadrid : _bSelecciones del Reader's Digest, _c1958. |
||
| 300 |
_a478 p. ; _c20 cm. |
||
| 490 | 1 |
_aBiblioteca de Selecciones: las obras contemporáneas de mayor éxito ; _v4 |
|
| 505 | 8 | _aContiene: Nuestra isla virgen / por Robb White . Matador / por Barnaby Conrad . Memorias de un filósofo de campanario / autobiografía de Will Rogers . Humoradas de Punch . La voz que nadie oyó / por Morton Thompson | |
| 650 | 7 |
_aNovela norteamericana _2 _9146954 |
|
| 700 | 1 |
_aWhite, Robb. _9116685 |
|
| 700 | 1 |
_aConrad, Barnaby. _940214 |
|
| 700 | 1 |
_aRogers, Will. _9174131 |
|
| 700 | 1 |
_aThompsom, Morton. _9110063 |
|
| 710 | 2 |
_aSelecciones del Reader's Digest. _96545 |
|
| 740 | 0 | 2 | _aNuestra isla virgen. |
| 740 | 0 | 2 | _aMatador. |
| 740 | 0 | 2 | _aMemorias de un filósofo de campanario. |
| 740 | 0 | 2 | _aHumoradas de Punch. |
| 740 | 3 | 2 | _aLa voz que nadie oyó. |
| 830 | 1 |
_aBiblioteca de Selecciones: las obras contemporáneas de mayor éxito ; _v4 _9185949 |
|
| 852 | 4 |
_aES-MaACL _jE-4210 |
|
| 999 |
_c115033 _d115033 |
||